| 000 | 00768cab a22002055a 4500 | ||
|---|---|---|---|
| 001 | L154999 | ||
| 008 | 120215e20120209xxk 000 0 eng d | ||
| 035 | _a(Sirsi) u154999 | ||
| 041 | 0 | _aeng | |
| 100 | 1 | _aDennis, Sarah | |
| 245 | 0 | 0 | _aTender recovery deferred to 2013 |
| 260 | _c2012 | ||
| 490 |
_aConstruction News _v(7252) 9 February 2012, 30-31(2) |
||
| 520 | _aThe fallout from the eurozone crisis and stagnation in new work have led forecasters to lower their expectations for this year; average tender price forecasts, tender price forecast - UK, and tender price forecast - London; includes views from BCIS. | ||
| 590 | _aKA | ||
| 651 | 4 |
_aUnited Kingdom _y |
|
| 690 |
_aConstruction management _96230 |
||
| 690 |
_aCost management _96233 |
||
| 942 | _n0 | ||
| 999 |
_c83774 _d83774 |
||